<?xml version="1.0" encoding="UTF-8"?>
<marc:record xmlns:marc="http://www.loc.gov/MARC21/slim">
   <marc:leader>00000nam a2200000 a 4500</marc:leader>
   <marc:datafield ind1="1" ind2=" " tag="100">
      <marc:subfield code="a">Kliebenstein, Juma</marc:subfield>
      <marc:subfield code="4">aut</marc:subfield>
      <marc:subfield code="e">Verfasser/-in</marc:subfield>
   </marc:datafield>
   <marc:datafield ind1="1" ind2=" " tag="100">
      <marc:subfield code="a">Zapf</marc:subfield>
   </marc:datafield>
   <marc:datafield ind1=" " ind2=" " tag="653">
      <marc:subfield code="a">Bücher über Freundschaft</marc:subfield>
   </marc:datafield>
   <marc:datafield ind1=" " ind2=" " tag="653">
      <marc:subfield code="a">Teil einer Reihe</marc:subfield>
   </marc:datafield>
   <marc:datafield ind1=" " ind2=" " tag="653">
      <marc:subfield code="a">Schulklasse</marc:subfield>
   </marc:datafield>
   <marc:datafield ind1=" " ind2=" " tag="653">
      <marc:subfield code="a">Autor Deutschland</marc:subfield>
   </marc:datafield>
   <marc:datafield ind1="0" ind2="0" tag="245">
      <marc:subfield code="a">Helden und Legenden - 6</marc:subfield>
   </marc:datafield>
   <marc:datafield ind1="0" ind2="0" tag="245">
      <marc:subfield code="c">Juma Kliebenstein. Zapf</marc:subfield>
   </marc:datafield>
   <marc:datafield ind1=" " ind2="1" tag="264">
      <marc:subfield code="a">Hamburg</marc:subfield>
      <marc:subfield code="b">Karibu  ein Verlag der Edel Verlagsgruppe</marc:subfield>
      <marc:subfield code="c">2026</marc:subfield>
   </marc:datafield>
   <marc:datafield ind1="1" ind2=" " tag="490">
      <marc:subfield code="a">Die schlimmste Klasse der Welt</marc:subfield>
      <marc:subfield code="v">6 DIE SCHLIMMSTE KLASSE DER WELT</marc:subfield>
   </marc:datafield>
   <marc:datafield ind1=" " ind2=" " tag="250">
      <marc:subfield code="a">1. Auflage</marc:subfield>
   </marc:datafield>
   <marc:datafield ind1="1" ind2=" " tag="520">
      <marc:subfield code="a">Der verrückte Schulspaß geht in die nächste Runde#Freut euch auf Ewald in brennenden Unterhosen, auf Bert und das verstopfte Schulklo und Julias lebendig gewordene Zeichnungen. Denn in diesem Buch steht jedes Kind der schlimmsten Klasse der Welt einmal im Mittelpunkt. Manche Kinder waren schon eine Legende, bevor sie in die 5a kamen, andere entwickelten ihr volles Chaos-Potenzial erst etwas später. Aber alle sind mittlerweile Helden der Gutenbergschule, um die sich die wildesten Geschichten ranken und auf die ein wahrhaft explosives Abenteuer wartet. Und all diese Geschichten erzählt Schulkater Bürste euch brühwarm aus erster Hand  äh   Pfote!#Viel Spaß mit den schlimmsten Legenden aus der schlimmsten Klasse der Welt!##Alle Bände der "Schlimmsten Klasse der Welt":#Band 1: Die schlimmste Klasse der Welt #Band 2: Die schlimmste Klasse der Welt  Rette sich, wer kann!#Band 3: Die schlimmste Klasse der Welt  Jetzt erst recht!#Band 4: Die schlimmste Klasse der Welt  Drunter und drüber!#Band 5: Die schlimmste Klasse der Welt  Nix wie weg!#Band 6: Die schlimmste Klasse der Welt  Helden und Legenden</marc:subfield>
   </marc:datafield>
   <marc:datafield ind1=" " ind2=" " tag="020">
      <marc:subfield code="a">9783961295395</marc:subfield>
      <marc:subfield code="9">9783961295395</marc:subfield>
   </marc:datafield>
   <marc:datafield ind1=" " ind2=" " tag="041">
      <marc:subfield code="a">ger</marc:subfield>
   </marc:datafield>
   <marc:datafield ind1=" " ind2=" " tag="300">
      <marc:subfield code="a">240 Seiten</marc:subfield>
   </marc:datafield>
</marc:record>
